CEJM - Les stratégies - Statistiques

Statistiques générales
  • Ce quiz a été pris 266 fois
  • Le résultat moyen est 6 sur 18
Statistiques - réponses
Hint Réponse % Correct
Faire faire : Externalisation
78%
Faire soi-même : Intégration
74%
Ne pas faire un seul produit : Diversification
68%
Stratégie visant à se distinguer des concurrents, sur un marché large : différenciation
52%
Stratégie visant à se concentrer sur la qualités ou les couts, sur un marché niche : focalisation
51%
Ces stratégies concernent les grand choix de l'entreprise à long terme (produits, fabrication...) : Stratégies globales
46%
Stratégie permettant de sortir du lot via des prix très attractifs : domination par les coûts
42%
Que signifie DAS ? Domaine d'activité stratégique
38%
En se développant à l'étranger : internationalisation
33%
Avec les ressources dont l'entreprise dispose : interne
28%
En acquérant les compétences d'une autre entreprise : externe
25%
Ces stratégies indiquent comment l’entreprise cherche à se développer : Stratégies de croissance
20%
En réalisant des partenariats avec d'autres entreprises : conjointe
19%
Faire un seul produit : Spécification
18%
3 possibilités de la dernière : produit
16%
Ces stratégies définissent comment l'entreprise se positionne sur un marché particulier : Stratégies génériques / de domaine / de DAS
11%
3 possibilités de la dernière : marché
10%
3 possibilités de la dernière : totale
9%
Aucun quiz correspondant
Distribution des résultats
% des personnes avec chaque résultat
Percentile par nombre de réponses
Votre historique - résultats
Vous n’avez pas pris ce quiz